Ist das eine Gemeinde im Kanton Aargau? - Statistics

General Stats
  • This quiz has been taken 59 times
  • The average score is 7 of 17
Answers on the Grid
Answers color-coded by a green-red scale on the quiz's grid according to % correct below.
Stein
Wittnau
Niederwenigen
Buus
Siglistorf
Herznach
Henggart
Zufikon
Künten
Kaisten
Koppingen
Egiswil
Ruswil
Mülberg
Egnach
Gontenschwil
Full Reuenthal
Hägglingen
Seewen
Hirschthal
Habkern
Huttwil
Mönthal
Islisberg
Münsingen
Büsserach
Jonen
Egliswil
Muhen
Ossingen
 
Answer Stats
Answer % Correct
Stein
66%
Zufikon
51%
Muhen
49%
Kaisten
46%
Künten
46%
Hägglingen
43%
Herznach
43%
Gontenschwil
40%
Egliswil
37%
Full Reuenthal
37%
Wittnau
37%
Hirschthal
34%
Siglistorf
34%
Jonen
29%
Mönthal
29%
Islisberg
23%
Egiswil
14%
No matching quizzes found
Score Distribution
Percent of People with Each Score
Percentile by Number Answered
Your Score History
You have not taken this quiz